Toma de decisiones por medio de investigaciones de Operaciones.

Bibliographic Details
Main Author: Thierauf, Robert J.
Format: Section = Libro
Language:Undetermined
Spanish
Published: México Limusa 2004
Subjects:
LEADER 00659nam a2200217Ia 4500
008 240829s9999 xx 000 0 und d
020 |a 968-18-0151-2 
040 |a BIBLIOTECA-RUPAP 658.403 T435 
041 |a spa 
082 |a 658.403 T435 
100 1 |a Thierauf, Robert J. 
245 1 0 |a Toma de decisiones por medio de investigaciones de Operaciones. 
260 |a México  |b Limusa  |c 2004 
300 |a 560 p. :il. 
650 7 |a TOMA DE DECISIONES - INVESTIGACION DE OPERACIONES 
650 7 |b  INVESTIGACIONES DE OPERACIONES EMPRESA 
650 7 |c  TEORIA DE PROBABILIDADES 
650 7 |d  PERT - COSTO. I. Tít. 
942 |c BK  |2 ddc 
991 |a TEXTO 
999 |c 8856